Statistics for Super Smash Bros. Ultimate: Classic Mode Names

Click here to take the quiz!

General Stats

  • This quiz has been taken 9 times
  • The average score is 47 of 83

Answer Stats

QuestionsAnswer% Correct
An Inkcredible JourneyInkling
100%
Magic, Scared Powers, and PSI!Lucas
100%
Psychic ControlMewtwo
100%
Mama Peach, Where Are You?Bowser Jr.
86%
Journey to New Donk CityDonkey Kong
86%
Dog, Duck, ZapperDuck Hunt
86%
Spaceborne SmashFox
86%
Duos for DaysIce Climbers
86%
All Original, All 64Jigglypuff
86%
Gourmet ClashKirby
86%
______'s NightmaresLuigi
86%
Let's-a GoMario
86%
ARMS at the ReadyMin Min
86%
Home to Onett!Ness
86%
Planetary ExplorerOlimar
86%
A Little Divine InterventionPalutena
86%
No Damsel in DistressPeach
86%
I Choose You!Pikachu
86%
Fighting for the Goddess!Pit
86%
Witness the Monado's PowerShulk
86%
Smash-vaniaSimon
86%
At the Speed of SoundSonic
86%
I'm-a Gonna WinWario
86%
Jurassic JourneyYoshi
86%
Hyrule Smash!Young Link
86%
The Red One. Every Red One!Bowser
71%
Sarasaland Represent!Daisy
71%
The Great Poison Given FormDark Samus
71%
Your Turn, _______!Greninja
71%
Best in ShowIsabelle
71%
Royal RumbleKing Dedede
71%
Super Heavyweight ClassKing K. Rool
71%
Ageless ClassicPAC-MAN
71%
Lightweight FracasPichu
71%
Smash EchosRichter
71%
It Can't Be! Space Pirates!Ridley
71%
Another Planet, Another BountySamus
71%
The Teamwork of CourageToon Link
71%
The Black-Clad WarriorsIke
57%
Burning Pro Wrestling Spirit!Incineroar
57%
Red-Hot RivalryKen
57%
The Quest to Seal the DarknessLink
57%
A Path of HeroesLucina
57%
Variable Weapons System: OnlineMega Man
57%
The Future ChampionPokemon Trainer
57%
A Journey of SwordsRoy
57%
Weapons and Equipment OSPSnake
57%
Aerobic SmashWii Fit Trainer
57%
Wisdom PrevailsZelda
57%
The Requiem of Fallen WingsBayonetta
43%
A Ride? Not Interested.Cloud
43%
Hey, Little Buddy!Diddy Kong
43%
Colorful Treatment PlanDr. Mario
43%
Encroaching DarknessGanondorf
43%
A History of HeroismHero
43%
Friendly SparringLittle Mac
43%
Seeking a ChallengeRyu
43%
The Light That Clears the DarknessSora
43%
Journey to the Far LandsSteve
43%
Mistake to UnderestimateVillager
43%
A Heroic LegacyByleth
29%
Up Close and PersonalCaptain Falcon
29%
Between White and BlackCorrin
29%
Created WarriorsDark Pit
29%
Soar Above the DarknessFalco
29%
Two Sides of the Same CoinMeta Knight
29%
New BloomPiranha Plant
29%
Shared DestiniesPyra/Mythra
29%
Unreadable ExpressionsR.O.B.
29%
Thunder and FlamesRobin
29%
One Star after AnotherRosalina & Luma
29%
The King of SmashTerry
29%
Grapplers! Whips! Claws!Zero Suit Samus
29%
Perfect PartnersBanjo & Kazooie
14%
Fight as OneChrom
14%
ShadowsJoker
14%
Fighting Fists with FistsKazuya
14%
Counter EncountersLucario
14%
A Kingdom of DragonsMarth
14%
A Long LegacyMr Game & Watch
14%
MasqueradeSheik
14%
Reunited RosterWolf
14%
The Chosen OnesSephiroth
0%

Score Distribution

Percentile by Number Answered

Percent of People with Each Score

Your Score History

You have not taken this quiz